03128nam a2200277Ia 4500003000400000005001700004008004100021020001500062040002100077041000800098082002800106100003400134245028000168250002200448260006500470300007700535490003000612500003700642504004000679505026800719520171900987650002402706650004102730650003902771700004002810OSt20210419092914.0210310s2002 ck ad gr 000 0 spa d a9586824241 aCO-JMCRcCO-JMCR0 aspa a336.0093861 /bO84r2231 aOssa Escobar, Carlos, eautor10aReasignación de la carga tributaria en Colombia : bpropuestas y alternativas : evaluación de la política y estructura del sistema impositivo nacional y territorial / cCarlos Ossa Escobar, Contralor General de la República ; prólogo, Arnold C. Harberger, prólogo aPrimera edición aBogotá : bContraloría General de la República, c2002 b195 páginas : ailustraciones y gráficas a blanco y negro ; c23 cm.0 aColección Contraloría aIncluye notas a pie de página. aBibliografía: páginas [184]-1850 aResumen -- Las finanzas del gobierno nacional -- Tributación nacional -- Tributación de las entidades territoriales -- Propuestas y recomendaciones acerca de la tributación a nivel nacional -- Propuestas y recomendaciones del nivel territorial y subnacional3 aLa reasignación de la carga tributaria en Colombia: propuestas y alternativas es una obra que la Contraloría General de la República somete a consideración del Gobierno Nacional, del Congreso, de los gremios, de la academia y del país en general, cuyo propósito es contribuir en la construcción de un sistema impositivo progresivo, neutral y equitativo. Este trabajo cubre los elementos sustanciales, de procedimiento y de la administración de los impuestos del nivel nacional y territorial, en el contexto de la política y la estructura tributaria de los últimos treinta años. Sobre ellos se realiza el diagnóstico y se formula la propuesta. El estudio identifica, entre los rasgos estructurales del sistema tributario colombiano, la mala distribución de la carga, la proliferación de exenciones y beneficios inequitativos y regresivos, la inestabilidad de las reglas y arreglos institucionales. En conjunto, las medidas para subsanarlos conducen a una propuesta integral que permite enfrentar la reforma estructural de las finanzas públicas con claros criterios de responsabilidad social. La calidad técnica y académica del libro está avalada por el prólogo del profeso Arnold C. Harberger, quien evalúa y comenta el estudio. El profeso Harberger es un estudioso del tema impositivo a nivel internacional y posee amplia experiencia en los sistemas tributarios de América Latina. Desde 1984 es un profesor de Economía en la Universidad de California, Los Ángeles, y profesor visitante de las universidades de Harvard, Princeton y del Instituto Tecnológico de Massachusetts, MIT, del Centro para Estudio Internacionales en Nueva Delhi y de la Universidad de París.14aImpuestoszColombia24aPlanificación tributariazColombia24aImpuestos sobre la rentazColombia1 aHarberger, Arnold C., eprologuista